000 00761nam a2200217Ii 4500
003 JO-AjNU
008 230605s9999||||xx |||||||||||||| ||und||
017 _a1996/11/1572
040 _aJO-AjNU
_bara
_erda
_cJO-AjNU
041 _aara
050 1 4 _aKMM188.5.U42.1997
100 3 _a العكيلي ، عزيز ,
_eauthor
_946570
245 0 0 _aأحكام الإفلاس والصلح الواقي " دراسة مقارنة "
250 _a(د،ط)
264 3 1 _aعمان : مكتبة دار الثقافة ، 1996
300 _a408ص
336 _atext
_btxt
_2rdacontent
337 _aunmediated
_bn
_2rdamedia
338 _avolume
_bnc
_2rdacarrier
650 4 _aالعلوم الاجتماعية -- القانون التجاري -- الافلاس
_946571
999 _aA20270
_c23838
_d23838